000 00513nam a2200145 4500
001 117213
003 ES-MaACL
007 t|
008 071121s1984 sp r ||||1| spa d
100 1 _aPeña Ibáñez, Juan María.
_990265
245 1 3 _aEl diario vasco, 50 años en Guipúzcoa
_b: biografía de un periódico /
_cJuan María Peña Ibáñez.
260 _aSan Sebastián :
_bSociedad Vascongada de Publicaciones,
_c1984.
300 _a329 p., 6 lám. :
_bil. ;
_c22 cm.
852 _aES-MaACL
_jL-7313
_bR.107896
999 _c117213
_d117213